L'etude de cas comme methode de recherche /

Bibliographic Details
Main Author: Gagnon, Yves-Chantal
Format: eBook
Language:French
Published: Quebec : Presses de l'Universite du Quebec, [2012]
Edition:2nd ed.
Subjects:
Online Access:Connect to the full text of this electronic book

MARC

Tag First Indicator Second Indicator Subfields
LEADER 00000cam a22000004a 4500
001 in00003408331
005 20190405201747.0
006 m o d
007 cr |||||||nn|n
008 120402s2012 quc o d fre d
010 |z  2012397066 
020 |a 9782760533349 
020 |z 9782760533332 
035 |a (MdBmJHUP)muse9782760533349 
040 |a MdBmJHUP  |c MdBmJHUP  |d UtOrBLW 
050 0 0 |a H61  |b .G24 2012 
100 1 |a Gagnon, Yves-Chantal. 
245 1 2 |a L'etude de cas comme methode de recherche /  |c Yves-C. Gagnon. 
250 |a 2nd ed. 
264 1 |a Quebec :  |b Presses de l'Universite du Quebec,  |c [2012] 
264 4 |c ©2012 
300 |a 1 online resource (xviii, 123 pages :) :  |b illustrations 
336 |a text  |b txt  |2 rdacontent 
337 |a computer  |b c  |2 rdamedia 
338 |a online resource  |b cr  |2 rdacarrier 
504 |a Includes bibliographical references (pages [117]-123). 
588 |a Description based on print version record. 
500 |a Electronic resource. 
650 0 |a Management  |x Research  |x Methodology. 
650 0 |a Case method. 
650 0 |a Social sciences  |x Research  |x Methodology. 
655 7 |a Electronic books.  |2 local 
856 4 0 |u http://proxy.library.tamu.edu/login?url=http://muse.jhu.edu/books/9782760533349/  |z Connect to the full text of this electronic book  |t 0 
999 |a MARS 
999 f f |s 8fb0395b-7b2b-374a-8859-9c2945862a39  |i 28707b79-3792-3fab-a0d3-14dfa65c624c  |t 0 
952 f f |a Texas A&M University  |b College Station  |c Electronic Resources  |d Available Online  |t 0  |e H61 .G24 2012  |h Library of Congress classification 
998 f f |a H61 .G24 2012  |t 0  |l Available Online